000 00723cam a22002534a 4500
001 13001126
005 20180116083349.0
008 021113s2004 at a b 001 0 eng
010 _a 2002116012
020 _a0534527965
035 _a(DLC) 2002116012
040 _aDLC
_cDLC
_dDLC
041 _aeng
042 _apcc
080 _a155.2 BUR
082 0 0 _a155.2 BUR
_222
100 1 _a48
101 _aPSI
245 1 0 _aPersonality /
_cJerry M. Burger.
504 _aIncludes bibliographical references (p. 515-568) and indexes.
906 _a7
_bcbc
_corignew
_d3
_eepcn
_f20
_gy-gencatlg
942 _2ddc
_cBK
999 _c40378
_d40378